| 000 | 03413 a2200457 4500 | ||
|---|---|---|---|
| 001 | 32960 | ||
| 005 | 20260407155625.0 | ||
| 008 | 260407a2013 arg spa d | ||
| 003 | AR-UNSa-BCEJYS | ||
| 040 |
_aAR-UNSa-BCEJYS _bspa _cAR-UNSa-BCEJYS |
||
| 080 |
_a336.225.68 _xInfracciones de leyes tributarias |
||
| 245 | 1 | 0 |
_aRégimen sancionatorio en materia tributaria _plibro homenaje a los 55 años de obra científica y docente del profesor Vicente O. Díaz |
| 020 | _a978-987-660-189-4 | ||
| 264 | 1 |
_aBuenos Aires : _bEDICON (Fondo Editorial Consejo) _c2013 |
|
| 300 |
_a485 p. _c24 cm. |
||
| 505 | _a1. La utilización de facturas apócrifas y sus efectos en materia impositiva y sancionatoria / Humberto J. Bertazza - 2. Lagunas de punibilidad en la criminalidad económic. Defecto de organización permanente, estructura temporal y ética empresarial / Juan Carlos Bonzon Rafart y Carolina Alejandra Vanella - 3. La responsabilidad penal de los administradores y de las sociedades por ilícitos tributarios / Mariano Hernán Borinsky - 4. El provechamiento indebido de subsidios / Alejandro J. Catania - 5. La importancia de la prueba pericial en el proceso penal tributario / Horacio R. Della Rocca - 6. Vinculaciones procesales entre las causas penal tributaria y contencioso administrativa / José A. Díaz Ortiz - 7. Medidas de urgencia (Art. 21 Ley Penal Tributaria) / Cristian E. Fabris - 8. El concepto de tributo en la Ley Penal Tributaria / Carlos Folco - 9. Acerca de los efectos tributarios de la Sentencia Penal / Juan P. Fridenberg - 10. Reflexiones sobre responsabilidad penal en el ejercicio de la profesión / Teresa Gómez - 11. El delito de evasión y el lavado de bienes / César Roberto Litvin - 12. La obtención de prueba en el marco del proceso penal tributario / Graciela Nora Manonellas - 13. La persona Jurídica ante la Ley Penal Tributaria. Distintos problema según pasan los años / Ana Clara Marconi y Norberto Julio Marconi - 14. La presentación espontanéa y sus efectos en la Ley Penal Triburia / Marta Nercellas - 15. El rol del Ministerio Público Fiscal / Carolina Robiglio - 16. La punición de la evasión fiscal mediante el uso de documentación apócrifa / Esteban D. Semachowicz - 17. Algunos aspectos de la autoría en los delitos comunes. (La parte de la Ley Penal Tributaria que no miramos) / José María Sferco - 18. La determinación de oficio en el Proceso Penal / Sergio Armando Simesen de Bielke | ||
| 041 | _aspa | ||
| 942 | _cBK | ||
| 590 | _aniveau_biblio:m niveau_hierar:0 | ||
| 100 | 1 | _aBonzón Rafart, Juan Carlos | |
| 700 | 1 | _aBertazza, Humberto J. | |
| 700 | 1 | _aBorinsky, Mariano H. | |
| 700 | 1 | _aCatania, Alejandro J. | |
| 700 | 1 | _aDella Rocca, Horacio R. | |
| 700 | 1 | _aDíaz Ortiz, José A. | |
| 700 | 1 | _aFabris, Cristian E. | |
| 700 | 1 | _aFolco, Carlos Maria | |
| 700 | 1 | _aFridenberg, Juan P. | |
| 700 | 1 | _aGómez, Teresa | |
| 700 | 1 | _aLitvin, César R. | |
| 700 | 1 | _aManonellas, Graciela N. | |
| 700 | 1 | _aMarconi, Ana Clara | |
| 700 | 1 | _aMarconi, Norberto J. | |
| 700 | 1 | _aNercellas, Marta | |
| 700 | 1 | _aRobiglio, Carolina L. | |
| 700 | 1 | _aSemachowicz, Esteban D. | |
| 700 | 1 | _aSferco, José María | |
| 700 | 1 | _aSimesen de Bielke, Sergio Armando | |
| 700 | 1 | _aVanella, Carolina A. | |
| 856 | 4 | 1 |
_uhttps://biblioeco.unsa.edu.ar/pmb/images/libros/regimen_sancionatorio.jpg _yImagen de portada _qimage/jpeg |
| 999 |
_c2316 _d2316 |
||